| 000 | 00349pab a2200145 454500 | ||
|---|---|---|---|
| 008 | 180718b1988 xxu||||| |||| 00| 0 eng d | ||
| 100 | _aDunbar, Charles | ||
| 245 |
_aAfghanistan in 1987 _bA year of decision ? |
||
| 260 | _c1988 | ||
| 300 | _a148-62 | ||
| 362 | _aFeb. | ||
| 650 | _aAfghanistan - Politics | ||
| 773 | _aAsian Survey | ||
| 909 | _a3319 | ||
| 999 |
_c3319 _d3319 |
||